MARC

LEADER 00000nam0a2200000 4500
001 305875
005 20231102001837.0
035 |a (RuTPU)RU\TPU\book\331150 
035 |a RU\TPU\book\331147 
090 |a 305875 
100 |a 20151001d1973 m y0rusy50 ca 
101 0 |a rus 
102 |a RU 
105 |a a j 000zy 
200 1 |a Производство полупроводниковых приборов  |e учебник  |f В. А. Брук, В. В. Гаршенин, А. И. Курносов 
205 |a 3-е изд., перераб. и доп. 
210 |a Москва  |c Высшая школа  |d 1973 
215 |a 264 с.  |c ил. 
225 1 |a Профтехобразование. Полупроводники 
606 1 |a Полупроводниковые приборы  |x Производство  |2 stltpush  |3 (RuTPU)RU\TPU\subj\50692  |9 69343 
610 1 |a учебники 
610 1 |a полупроводимость 
610 1 |a полупроводниковые материалы 
610 1 |a физика 
610 1 |a кристаллические вещества 
610 1 |a электропроводность 
610 1 |a свойства 
610 1 |a качество 
610 1 |a механическая обработка 
610 1 |a химическая обработка 
610 1 |a сборка 
610 1 |a изготовление 
610 1 |a испытания 
610 1 |a технологические материалы 
675 |a 621.382.002(075.3)  |v 3 
700 1 |a Брук  |b В. А.  |g Вадим Аркадьевич 
701 1 |a Гаршенин  |b В. В.  |g Владимир Васильевич 
701 1 |a Курносов  |b А. И.  |g Анатолий Иванович 
801 1 |a RU  |b 63413507  |c 20151001 
801 2 |a RU  |b 63413507  |c 20160504  |g RCR 
942 |c BK